| 000 | 00431nam a2200157 i 4500 | ||
|---|---|---|---|
| 001 | 101260 | ||
| 003 | ES-MaACL | ||
| 007 | t| | ||
| 008 | 051017s1920 fr ||||1| fre d | ||
| 100 | 1 |
_aMaurras, Charles. _979271 |
|
| 245 | 1 | 0 |
_aAnthinea _b: d'Athènes a Florence / _cCharles Maurras. |
| 250 | _a18ª ed. | ||
| 260 |
_aParis : _b[s.n.], _c1920 ( _fF. Paillart) |
||
| 300 |
_aXI, 304 p. ; _c22 cm. |
||
| 852 |
_aES-MaACL _jB-1915 |
||
| 999 |
_c101260 _d101260 |
||